[Event "Sochi ChessAmateur op10"]
[Site "Sochi"]
[Date "2018.10.16"]
[Round "7"]
[White "Yeghiazaryan, Aramayis"]
[Black "Oganesian, Andranik"]
[Result "0-1"]
[WhiteElo "1743"]
[BlackElo "1967"]
[PlyCount "110"]
[EventDate "2018.10.12"]
[EventType "swiss"]
[EventRounds "9"]
[EventCountry "RUS"]
[SourceTitle "CBM 187 Extra"]
[Source "ChessBase"]
[SourceDate "2018.11.04"]
[SourceVersion "1"]
[SourceVersionDate "2018.11.04"]
[SourceQuality "1"]

1. e4 c5 2. Nc3 Nc6 3. f4 d6 4. Nf3 g6 5. Bc4 e6 6. 0-0 Bg7 7. d3 Nge7 8. Bb3 Na5 9. Ba4+ Bd7 10. Bd2 Bxa4 11. Nxa4 b5 12. Nc3 b4 13. Na4 Qd7 14. c3 Rb8 15. cxb4 cxb4 16. a3 Nac6 17. axb4 Nxb4 18. Bc3 0-0 19. Bxg7 Kxg7 20. Nc3 Qb7 21. Qe2 Qb6+ 22. Kh1 Nec6 23. f5 h6 24. Qe1 Nd4 25. f6+ Kh7 26. Qh4 Nxf3 27. Rxf3 Rh8 28. Rh3 Kg8 29. Qf4 g5 30. Qg3 Qd4 31. Rf1 Nc6 32. Ne2 Qe5 33. Qe3 d5 34. exd5 Qxd5 35. Qg3 Qe5 36. Nc3 Qxg3 37. Rxg3 Rxb2 38. Ne4 Nd4 39. h4 a5 40. h5 Kh7 41. Nd6 Rf8 42. Ra1 Ne2 43. Re3 Nf4 44. g4 Rb6 45. Nc4 Ra6 46. Rxa5 Rxa5 47. Nxa5 Rd8 48. d4 Rxd4 49. Kh2 Nd5 50. Rg3 Nxf6 51. Kh3 Kg7 52. Nc6 Re4 53. Na5 Nd5 54. Nb3 Re2 55. Rg1 Nf4+ 0-1